İstanbul için sürdürülebilir kentsel dönüşüm seferberliği (Record no. 6003)
[ view plain ]
| 000 -BAŞLIK | |
|---|---|
| Sabit Uzunlukta Kontrol Alanı | 00829na a2200217 4500 |
| 001 - KONTROL NUMARASI | |
| Denetim Alanı | 22573 |
| 003 - KONTROL NUMARASI IDENTIFIER | |
| Denetim Alanı | MIRAKIL |
| 005 - SON İŞLEM TARİHİ VE ZAMANI | |
| Denetim Alanı | 20181213155053.0 |
| 008 - SABİT-BOY VERİ ELEMANLARI - GENEL BİLGİLER | |
| Sabit Uzunlukta Kontrol Alanı | 170217b tu 000 0 |
| 040 ## - KATALOGLAMA KAYNAK | |
| Orijinal Kataloglama Ajansı | Milas |
| Kataloglama Dili | tur |
| Metne Dönüştürmek Ajansı | TR-AnCHP |
| 041 ## - DİL KODU | |
| Metin / Ses Parça Veya Ayrı Başlığın Dil Kodu | tur |
| 082 ## - DEWEY ONLU SINIFLANDIRMA NUMARASI | |
| Sınıflandırma Numarası | CHP 307.76 |
| Ürün Numarası | Ç31i 2010 |
| 090 ## - SINIFLAMA NUMARASI | |
| Sınıflama Numarası | CHP 307.76 Ç31i 2010 |
| 100 ## - ANA GİRİŞ - KİŞİSEL İSİM | |
| Kişisel Ad | Çeçen, Haluk |
| 245 ## - BAŞLIK TABLOSU | |
| Başlık | İstanbul için sürdürülebilir kentsel dönüşüm seferberliği |
| Başlığın Kalan | [proje özeti] |
| Sorumluluk Tablosu, Vb | Haluk Çeçen |
| 300 ## - FİZİKSEL TANIM | |
| Kapsam | yklş. 100 s. |
| Diğer Fiziksel Ayrıntıları | tbl. ; şkl. |
| Boyutlar | 30 sm. |
| 500 ## - GENEL NOT | |
| Genel Not | Arka kapakta bilgi : İstanbul için sürdürülebilir kentsel dönüşüm süreçlerinin uygulayıcı ve yönlendirci paydaşlarına yeni bir çağrı (Kasım 2013) |
| 650 ## - KONU KATMA GİRİŞ - TOPİKAL DÖNEM | |
| Topikal Süreli Veya Coğrafi Ad Giriş Elemanı | Kentsel dönüşüm |
| Genel Alt Bölümü | Projeler |
| Coğrafi Alt Bölümü | İstanbul |
| 942 ## - EKLENDİ GİRİŞ ELEMANLARI (KOHA) | |
| Sınıflandırma Veya Raf Düzeni Kaynak | Dewey Decimal Classification |
| Koha Öğesi Türü | Books |
| 999 ## - SİSTEM KONTROL NUMARALARI (KOHA) | |
| Koha Biblionumber | 6003 |
| Koha Biblioitemnumber | 6003 |
| Kalıcı Konum | Mevcut Konum | Edinme Tarihi | Edinim Kaynak | Toplam Check-Out'Lar | Tam Çağrı Numarası | Barkod | Tarih Son Görülme | İtibaren Geçerli Fiyatlar | Koha Öğesi Türü |
|---|---|---|---|---|---|---|---|---|---|
| CHP Kütüphanesi | CHP Kütüphanesi | 02/17/2017 | Bağış | CHP 307.76 Ç31i 2010 | 016598 | 02/17/2017 | 02/17/2017 | Books |
